vocabulaire anglais n°6 - Statistiques

Statistiques générales
  • Ce quiz a été pris 221 fois
  • Le résultat moyen est 6 sur 20
Statistiques - réponses
Hint Réponse % Correct
un titre a title
89%
un chapitre a chapter
87%
grand tall
86%
le poids weight
74%
un migrant a migrant
44%
la couverture the cover
36%
l'équilibre balance
32%
hideux hideous
31%
serrer dans ses bras to hug
31%
une arme à feu a firearm
24%
fuir to flee
16%
presser la détente to pull the trigger
11%
une mitrailleuse a machinegun
8%
un pays d'accueil a host country
7%
un obus a shell
4%
un passeur a smuggler
3%
une ogive nucleaire a nuclear warhead
2%
un livre de poche a paperback
2%
un passager clandestin a stowaway
2%
le dos the spine
2%
Aucun quiz correspondant
Distribution des résultats
% des personnes avec chaque résultat
Percentile par nombre de réponses
Votre historique - résultats
Vous n’avez pas pris ce quiz